| 000 | 00549nam a2200205Ia 4500 | ||
|---|---|---|---|
| 003 | OSt | ||
| 005 | 20230619095603.0 | ||
| 008 | 210423s1999 xx 000 0 und d | ||
| 020 | _a8170336538 | ||
| 040 | _cAL | ||
| 041 | _aeng | ||
| 082 |
_a658.3 _223 _bDAVP |
||
| 100 |
_aDAVAR (Rustom S). _9101845 |
||
| 245 | _aPersonnel management and industrial relations. | ||
| 260 |
_aNew Delhi _bVikas Publications _c1999 |
||
| 300 |
_a454 _bPB |
||
| 365 |
_b110 _cINR |
||
| 906 | _aindustrial ; management ; Personnel ; relations. | ||
| 942 |
_2ddc _cBK |
||
| 999 |
_c171727 _d171727 |
||